00467nam a2200157Ia 450000500170000000800410001708200130005810000170007124500220008826000570011030000120016765000100017994200060018995200990019599900150029420250509070450.0240331s9999 xx 000 0 und d bMAUa891 aMaunaguru, S 0aSakthi pirakkuthu aColombobWomen's Education And Research Centrec1997 a75 p ., aDrama cL 001040708LaWERCLbWERCLcSSCd2024-03-31l0o 894.811 MAUp2553r2024-03-31w2024-03-31yL c4214d4214